Countries Closest to Czechia (with a map) - Statistics

General Stats
  • This quiz has been taken 427 times
  • The average score is 16 of 20
Answers on the Map
Answers color-coded by a green-red scale on the quiz's map according to % correct below.
 
Answer Stats
country % Correct
Germany
98%
Poland
97%
Austria
96%
Slovakia
96%
Hungary
92%
Italy
87%
Switzerland
86%
Slovenia
85%
Croatia
79%
Ukraine
75%
France
74%
Liechtenstein
71%
Belgium
70%
Denmark
67%
Netherlands
67%
Romania
66%
Luxembourg
64%
Serbia
62%
Belarus
61%
Bosnia and Herzegovina
60%
No matching quizzes found
Score Distribution
Percent of People with Each Score
Percentile by Number Answered
Your Score History
You have not taken this quiz